| 000 | 00400cam a2200157ua 4500 | ||
|---|---|---|---|
| 041 |
_aeng _h |
||
| 082 |
_a828.09 _bGRI/UN |
||
| 100 | _aGriffiths, D . | ||
| 245 |
_aUnderstanding and enjoyment / _cD Griffiths. _hTextual Documents |
||
| 260 |
_aLondon : _bOxford University Press , _c1962. |
||
| 300 | _a127 ; . | ||
| 504 | _a | ||
| 700 | 1 | _aGriffiths, A M . | |
| 942 | _cBK | ||
| 999 |
_c4718 _d4718 |
||